000 00819naa a2200217 i 4500
001 12065
003 ES-MaBCM
005 20241016091628.0
008 901122s1990 fra 000 0 fre d
021 _axx
035 _a(OCoLC)1365204866
040 _cES-MaBCM
041 0 _afre
043 _afra
100 1 _aSimon, Denys
_944190
245 1 3 _aLe droit communautaire et la suspension provisoire des mesures nationales
_b: les enjeux de l'affaire factortame
_cDenys Simon
520 _aLa garantía de los derechos engendrados en beneficio de los particulares por el derecho comunitario ha de ser asegurada por las jurisdicciones nacionales
650 2 7 _aAplicación del derecho de la UE
_957566
773 0 _aEn:
_tRevue du Marché Commun
_dParis : 1990
_w104653
_gnº 340, octubre ; p. 591-597
942 _cAREV
999 _c12065
_d12065